| 000 | 00710nam a2200265Ia 4500 | ||
|---|---|---|---|
| 003 | OSt | ||
| 005 | 20220927110358.0 | ||
| 006 | a|||||r|||| 00| 0 | ||
| 007 | ta | ||
| 008 | 220926b |||||||| |||| 00| 0 eng d | ||
| 024 | _a4359 | ||
| 037 | _cReports | ||
| 040 |
_aRTL _cRTL _beng |
||
| 041 |
_2eng _aeng |
||
| 082 | _a"V2,8r, L3/GD" | ||
| 110 |
_a"INDIA, UNION PUBLIC SERVICE COMMISSION" _9355277 |
||
| 245 | 0 | _aTwenty-Second annual report | |
| 260 |
_aDelhi _bM O P _c1973 |
||
| 300 |
_a"IV,198P" _ccm. |
||
| 650 | _a India | ||
| 650 | _aHistory | ||
| 700 |
_a"INDIA, UNION PUBLIC SERVICE COMMISSION" _9355280 |
||
| 942 |
_h"V2,8r, L3/GD" _cCC |
||
| 999 |
_c696046 _d696046 |
||